000 01086nas a2200325 4500
001 BR2015002308
003 BR-BrBNA
005 20231205125232.0
007 ta
008 230509b bl.|||p| |||| 00| 00por d
040 _aBR-BrBNA
_bpor
_cBiblioteca Nacional de Agricultura
041 _a(Pt)
072 _aL70
100 1 _aMotta, Y.P.
100 1 _aSakate, M.
100 1 _aNogueira, R.M.B.
100 1 _aPeraçoli, M.T.S.
100 1 _aSangiorgio, F.
100 1 _aFloriano, R.S.
100 1 _aTakahagi, E.N.
245 1 _aQuantificação de citocinas no soro e homogenato da pata na intoxicação experimental com veneno de Bothropoides jararaca em ratos Wistar tratados com soroterapia e Mikania glomerata
650 _aANIMAL DE LABORATÓRIO
650 _aVENENO
650 _aCOBRA
650 _aINTOXICAÇÃO
650 _aVETERINÁRIA
773 0 _tArquivo Brasileiro de Medicina Veterinária e Zootecnia (Brazil)
_xISSN 0102-0935
_g(Oct 2014), v. 66(5) p. 1413-1418
_wBR2015002308
909 _a202311
_bLúcia
_c55
_dLúcia Elande
942 _2AGRIS
_n0
_cANA
999 _c243363
_d243363